|
|
|
|
| LEADER |
02271nam a2200397 a 4500 |
| 001 |
3521656 |
| 003 |
BD-DhAAL |
| 008 |
091102s1995 bg b 101 0 eng d |
| 999 |
|
|
|c 5016
|d 5016
|
| 010 |
|
|
|a \\\95910476
|
| 020 |
|
|
|a 9840513125
|
| 040 |
|
|
|a DLC
|c DLC
|d DLC
|d BD-DhAAL
|
| 082 |
0 |
0 |
|a 338.95492
|2 20
|
| 245 |
0 |
0 |
|a Bangladesh strategies for development /
|c edited by Roy H. Grieve and M. Mozammel Huq.
|
| 260 |
|
|
|a Dhaka, Bangladesh :
|b University Press Ltd.,
|c 1995.
|
| 300 |
|
|
|a xiv, 215 pages ;
|c 22 cm.
|
| 500 |
|
|
|a "Published in collaboration with Bangladesh Economic Association (BEA) and the BEA UK Forum"--T.p. verso.
|
| 504 |
|
|
|a Includes bibliographical references and index.
|
| 520 |
|
|
|a Proceedings of the inaugural conference of the BEA UK Forum, held at the University of Strathclyde on 7 May 1994.
|
| 526 |
|
|
|a BIED
|
| 541 |
1 |
|
|a Complimentary copy from BIED
|e 00005542, 35750
|
| 650 |
|
|
|a Social science
|9 37018
|
| 651 |
|
0 |
|a Bangladesh
|x Economic policy
|x Congresses.
|9 37019
|
| 651 |
|
0 |
|a Bangladesh
|x Economic conditions
|x Congresses.
|9 37020
|
| 651 |
|
0 |
|a Bangladesh
|x Commercial policy
|x Congresses.
|9 37021
|
| 700 |
1 |
|
|a Grieve, Roy H.
|9 37022
|
| 700 |
1 |
|
|a Huq, M. M.
|9 37023
|
| 710 |
2 |
|
|a Bangladesh Economic Association.
|9 37024
|
| 710 |
2 |
|
|a BEA UK Forum.
|9 37025
|
| 852 |
4 |
|
|a Ayesha Abed Library
|j General shelf
|
| 942 |
|
|
|2 ddc
|c BK
|
| 952 |
|
|
|0 0
|1 0
|2 ddc
|4 0
|6 338_954920000000000_BAN_1995
|7 0
|9 4839
|a BRACUL
|b BRACUL
|c GEN
|d 2009-11-03
|g 220.00
|l 1
|m 13
|o 338.95492 BAN
|p 3010005542
|r 2017-04-15
|s 2017-01-28
|t 1
|v 440.00
|w 2009-11-03
|y BK
|
| 952 |
|
|
|0 0
|1 0
|2 ddc
|4 0
|6 338_954920000000000_BAN
|7 0
|9 4841
|a BRACUL
|b BRACUL
|c GEN
|d 2019-11-13
|e Complimentary copy from BIED
|l 0
|o 338.95492 BAN
|p 3010035750
|r 2009-11-03
|t 6
|y BK
|x Transferred from BIED to General Stacks
|
| 952 |
|
|
|0 0
|1 0
|2 ddc
|4 0
|6 338_954900000000000_2_BAN
|7 0
|9 19135
|a JPGSPH
|b JPGSPH
|d 2012-01-11
|e MPH
|g 300.00
|l 0
|o 338.95492 BAN
|p 3060024246
|r 2012-01-15
|t 3
|w 2012-01-15
|y BK
|
| 952 |
|
|
|0 0
|1 0
|2 ddc
|4 0
|6 338_954900000000000_2_BAN
|7 0
|9 24126
|a SCL
|b SCL
|c GEN
|d 1998-11-12
|g 300.00
|l 0
|o 338.95492 BAN
|p 3020000502
|r 2014-04-10
|t 4
|w 1998-11-12
|y BK
|
| 952 |
|
|
|0 0
|1 0
|2 ddc
|4 0
|6 338_954900000000000_2_BAN
|7 0
|9 43022
|a SCL
|b SCL
|c GEN
|d 1999-01-03
|g 300.00
|l 2
|o 338.95492 BAN
|p 3020001245
|r 2024-04-28
|s 2024-04-27
|t 5
|w 2014-07-08
|y BK
|